00473nam a22001577a 4500008004100000010001400041020002500055035001300080037001500093040001800108082001300126100003200139245006400171260004500235300003500280090213t xxu||||| |||| 00| 0 eng d aENG-92973 a9788170588672c55.00 aEN-76506 bDBAD / PUB adplbEnglish  a613.7046 aBhattacharya, Pranab Kumar  aBasic education of the body /cby Pranab Kumar Bhattacharya aPuducherry bSri Aurobindo Ashram c2007 a81p.:c21cm (pbk)bb&w photos